<?xml version="1.0" encoding="UTF-8"?>
<record
    xmlns:xsi="http://www.w3.org/2001/XMLSchema-instance"
    xsi:schemaLocation="http://www.loc.gov/MARC21/slim http://www.loc.gov/standards/marcxml/schema/MARC21slim.xsd"
    xmlns="http://www.loc.gov/MARC21/slim">

  <leader>00777nas a2200241 454500</leader>
  <controlfield tag="001">39079</controlfield>
  <controlfield tag="005">20260407193510.0</controlfield>
  <controlfield tag="008">260407s1997####ag###########|||spa#d</controlfield>
  <controlfield tag="003">AR-UNSa-BCEJYS</controlfield>
  <datafield tag="040" ind1=" " ind2=" ">
    <subfield code="a">AR-UNSa-BCEJYS</subfield>
    <subfield code="b">spa</subfield>
    <subfield code="c">AR-UNSa-BCEJYS</subfield>
  </datafield>
  <datafield tag="080" ind1=" " ind2=" ">
    <subfield code="a">070</subfield>
    <subfield code="x">Peri&#xF3;dicos. La prensa. Periodismo</subfield>
  </datafield>
  <datafield tag="245" ind1="1" ind2="0">
    <subfield code="a">Mercosur en el NOA</subfield>
  </datafield>
  <datafield tag="264" ind1=" " ind2="1">
    <subfield code="a">San Salvador de Jujuy :</subfield>
    <subfield code="b">CENIR</subfield>
    <subfield code="c">1997</subfield>
  </datafield>
  <datafield tag="310" ind1=" " ind2=" ">
    <subfield code="a">Frecuencia: Quincenario</subfield>
  </datafield>
  <datafield tag="041" ind1=" " ind2=" ">
    <subfield code="a">spa</subfield>
  </datafield>
  <datafield tag="942" ind1=" " ind2=" ">
    <subfield code="c">SER</subfield>
  </datafield>
  <datafield tag="590" ind1=" " ind2=" ">
    <subfield code="a">niveau_biblio:s niveau_hierar:1</subfield>
  </datafield>
  <datafield tag="100" ind1="1" ind2=" ">
    <subfield code="a">Centro de Estudios de Negocios Internacionales y Regionales (CENIR)</subfield>
  </datafield>
  <datafield tag="650" ind1=" " ind2=" ">
    <subfield code="a">Per&#xED;odico</subfield>
  </datafield>
  <datafield tag="650" ind1=" " ind2=" ">
    <subfield code="a">ECONOMIA</subfield>
  </datafield>
  <datafield tag="650" ind1=" " ind2=" ">
    <subfield code="a">MERCOSUR</subfield>
  </datafield>
  <datafield tag="856" ind1="4" ind2="1">
    <subfield code="u">https://biblioeco.unsa.edu.ar/pmb/images/revistas/diarioMercosur.jpg</subfield>
    <subfield code="y">Imagen de portada</subfield>
    <subfield code="q">image/jpeg</subfield>
  </datafield>
  <datafield tag="999" ind1=" " ind2=" ">
    <subfield code="c">8827</subfield>
    <subfield code="d">8827</subfield>
  </datafield>
  <datafield tag="952" ind1=" " ind2=" ">
    <subfield code="0">0</subfield>
    <subfield code="1">0</subfield>
    <subfield code="4">0</subfield>
    <subfield code="7">0</subfield>
    <subfield code="a">BCEJYS</subfield>
    <subfield code="b">BCEJYS</subfield>
    <subfield code="c">17</subfield>
    <subfield code="d">1997-12-15</subfield>
    <subfield code="h">A&#xF1;o 2, N&#xBA; 27 - dic. 1997</subfield>
    <subfield code="l">0</subfield>
    <subfield code="o">H070 MER 27</subfield>
    <subfield code="p">R20265</subfield>
    <subfield code="r">2026-04-10 16:09:57</subfield>
    <subfield code="w">2026-04-10</subfield>
    <subfield code="y">RN</subfield>
  </datafield>
  <datafield tag="952" ind1=" " ind2=" ">
    <subfield code="0">0</subfield>
    <subfield code="1">0</subfield>
    <subfield code="4">0</subfield>
    <subfield code="7">0</subfield>
    <subfield code="a">BCEJYS</subfield>
    <subfield code="b">BCEJYS</subfield>
    <subfield code="c">17</subfield>
    <subfield code="d">1997-12-01</subfield>
    <subfield code="h">A&#xF1;o 2, N&#xBA; 26 - dic. 1997</subfield>
    <subfield code="l">0</subfield>
    <subfield code="o">H070 MER 26</subfield>
    <subfield code="p">R20264</subfield>
    <subfield code="r">2026-04-10 16:09:57</subfield>
    <subfield code="w">2026-04-10</subfield>
    <subfield code="y">RN</subfield>
  </datafield>
  <datafield tag="952" ind1=" " ind2=" ">
    <subfield code="0">0</subfield>
    <subfield code="1">0</subfield>
    <subfield code="4">0</subfield>
    <subfield code="7">0</subfield>
    <subfield code="a">BCEJYS</subfield>
    <subfield code="b">BCEJYS</subfield>
    <subfield code="c">17</subfield>
    <subfield code="d">1997-11-25</subfield>
    <subfield code="h">A&#xF1;o 2, N&#xBA; 25 - nov. 1997</subfield>
    <subfield code="l">0</subfield>
    <subfield code="o">H070 MER 25</subfield>
    <subfield code="p">R20263</subfield>
    <subfield code="r">2026-04-10 16:09:57</subfield>
    <subfield code="w">2026-04-10</subfield>
    <subfield code="y">RN</subfield>
  </datafield>
  <datafield tag="952" ind1=" " ind2=" ">
    <subfield code="0">0</subfield>
    <subfield code="1">0</subfield>
    <subfield code="4">0</subfield>
    <subfield code="7">0</subfield>
    <subfield code="a">BCEJYS</subfield>
    <subfield code="b">BCEJYS</subfield>
    <subfield code="c">17</subfield>
    <subfield code="d">1997-11-16</subfield>
    <subfield code="h">A&#xF1;o 2, N&#xBA; 24 - nov. 1997</subfield>
    <subfield code="l">0</subfield>
    <subfield code="o">H070 MER 24</subfield>
    <subfield code="p">R20262</subfield>
    <subfield code="r">2026-04-10 16:09:57</subfield>
    <subfield code="w">2026-04-10</subfield>
    <subfield code="y">RN</subfield>
  </datafield>
  <datafield tag="952" ind1=" " ind2=" ">
    <subfield code="0">0</subfield>
    <subfield code="1">0</subfield>
    <subfield code="4">0</subfield>
    <subfield code="7">0</subfield>
    <subfield code="a">BCEJYS</subfield>
    <subfield code="b">BCEJYS</subfield>
    <subfield code="c">17</subfield>
    <subfield code="d">1997-11-15</subfield>
    <subfield code="h">A&#xF1;o 1, N&#xBA; 7 - nov. 1997</subfield>
    <subfield code="l">0</subfield>
    <subfield code="o">H070 MER 7</subfield>
    <subfield code="p">R20249</subfield>
    <subfield code="r">2026-04-10 16:09:57</subfield>
    <subfield code="w">2026-04-10</subfield>
    <subfield code="y">RN</subfield>
  </datafield>
  <datafield tag="952" ind1=" " ind2=" ">
    <subfield code="0">0</subfield>
    <subfield code="1">0</subfield>
    <subfield code="4">0</subfield>
    <subfield code="7">0</subfield>
    <subfield code="a">BCEJYS</subfield>
    <subfield code="b">BCEJYS</subfield>
    <subfield code="c">17</subfield>
    <subfield code="d">1997-11-01</subfield>
    <subfield code="h">A&#xF1;o 1, N&#xBA; 5 - nov. 1997</subfield>
    <subfield code="l">0</subfield>
    <subfield code="o">H070 MER 5</subfield>
    <subfield code="p">R20248</subfield>
    <subfield code="r">2026-04-10 16:09:57</subfield>
    <subfield code="w">2026-04-10</subfield>
    <subfield code="y">RN</subfield>
  </datafield>
  <datafield tag="952" ind1=" " ind2=" ">
    <subfield code="0">0</subfield>
    <subfield code="1">0</subfield>
    <subfield code="4">0</subfield>
    <subfield code="7">0</subfield>
    <subfield code="a">BCEJYS</subfield>
    <subfield code="b">BCEJYS</subfield>
    <subfield code="c">17</subfield>
    <subfield code="d">1997-10-25</subfield>
    <subfield code="h">A&#xF1;o 1, N&#xBA; 23 - oct. 1997</subfield>
    <subfield code="l">0</subfield>
    <subfield code="o">H070 MER 23</subfield>
    <subfield code="p">R20261</subfield>
    <subfield code="r">2026-04-10 16:09:57</subfield>
    <subfield code="w">2026-04-10</subfield>
    <subfield code="y">RN</subfield>
  </datafield>
  <datafield tag="952" ind1=" " ind2=" ">
    <subfield code="0">0</subfield>
    <subfield code="1">0</subfield>
    <subfield code="4">0</subfield>
    <subfield code="7">0</subfield>
    <subfield code="a">BCEJYS</subfield>
    <subfield code="b">BCEJYS</subfield>
    <subfield code="c">17</subfield>
    <subfield code="d">1997-10-16</subfield>
    <subfield code="h">A&#xF1;o 1, N&#xBA; 22 - oct. 1997</subfield>
    <subfield code="l">0</subfield>
    <subfield code="o">H070 MER 22</subfield>
    <subfield code="p">R20260</subfield>
    <subfield code="r">2026-04-10 16:09:57</subfield>
    <subfield code="w">2026-04-10</subfield>
    <subfield code="y">RN</subfield>
  </datafield>
  <datafield tag="952" ind1=" " ind2=" ">
    <subfield code="0">0</subfield>
    <subfield code="1">0</subfield>
    <subfield code="4">0</subfield>
    <subfield code="7">0</subfield>
    <subfield code="a">BCEJYS</subfield>
    <subfield code="b">BCEJYS</subfield>
    <subfield code="c">17</subfield>
    <subfield code="d">1997-10-15</subfield>
    <subfield code="h">A&#xF1;o 1, N&#xBA; 4 - oct. 1997</subfield>
    <subfield code="l">0</subfield>
    <subfield code="o">H070 MER 4</subfield>
    <subfield code="p">R20247</subfield>
    <subfield code="r">2026-04-10 16:09:57</subfield>
    <subfield code="w">2026-04-10</subfield>
    <subfield code="y">RN</subfield>
  </datafield>
  <datafield tag="952" ind1=" " ind2=" ">
    <subfield code="0">0</subfield>
    <subfield code="1">0</subfield>
    <subfield code="4">0</subfield>
    <subfield code="7">0</subfield>
    <subfield code="a">BCEJYS</subfield>
    <subfield code="b">BCEJYS</subfield>
    <subfield code="c">17</subfield>
    <subfield code="d">1997-10-01</subfield>
    <subfield code="h">A&#xF1;o 1, N&#xBA; 3 - oct. 1997</subfield>
    <subfield code="l">0</subfield>
    <subfield code="o">H070 MER 3</subfield>
    <subfield code="p">R20246</subfield>
    <subfield code="r">2026-04-10 16:09:57</subfield>
    <subfield code="w">2026-04-10</subfield>
    <subfield code="y">RN</subfield>
  </datafield>
  <datafield tag="952" ind1=" " ind2=" ">
    <subfield code="0">0</subfield>
    <subfield code="1">0</subfield>
    <subfield code="4">0</subfield>
    <subfield code="7">0</subfield>
    <subfield code="a">BCEJYS</subfield>
    <subfield code="b">BCEJYS</subfield>
    <subfield code="c">17</subfield>
    <subfield code="d">1997-09-15</subfield>
    <subfield code="h">A&#xF1;o 1, N&#xBA; 21 - sep. 1997</subfield>
    <subfield code="l">0</subfield>
    <subfield code="o">H070 MER 21</subfield>
    <subfield code="p">R20259</subfield>
    <subfield code="r">2026-04-10 16:09:57</subfield>
    <subfield code="w">2026-04-10</subfield>
    <subfield code="y">RN</subfield>
  </datafield>
  <datafield tag="952" ind1=" " ind2=" ">
    <subfield code="0">0</subfield>
    <subfield code="1">0</subfield>
    <subfield code="4">0</subfield>
    <subfield code="7">0</subfield>
    <subfield code="a">BCEJYS</subfield>
    <subfield code="b">BCEJYS</subfield>
    <subfield code="c">17</subfield>
    <subfield code="d">1997-09-15</subfield>
    <subfield code="h">A&#xF1;o 1, N&#xBA; 1/1 - sep. 1997</subfield>
    <subfield code="l">0</subfield>
    <subfield code="o">H070 MER 1/1</subfield>
    <subfield code="p">R20245</subfield>
    <subfield code="r">2026-04-10 16:09:57</subfield>
    <subfield code="w">2026-04-10</subfield>
    <subfield code="y">RN</subfield>
  </datafield>
  <datafield tag="952" ind1=" " ind2=" ">
    <subfield code="0">0</subfield>
    <subfield code="1">0</subfield>
    <subfield code="4">0</subfield>
    <subfield code="7">0</subfield>
    <subfield code="a">BCEJYS</subfield>
    <subfield code="b">BCEJYS</subfield>
    <subfield code="c">17</subfield>
    <subfield code="d">1997-09-01</subfield>
    <subfield code="h">A&#xF1;o 1, N&#xBA; 20 - sep. 1997</subfield>
    <subfield code="l">0</subfield>
    <subfield code="o">H070 MER 20</subfield>
    <subfield code="p">R20258</subfield>
    <subfield code="r">2026-04-10 16:09:57</subfield>
    <subfield code="w">2026-04-10</subfield>
    <subfield code="y">RN</subfield>
  </datafield>
  <datafield tag="952" ind1=" " ind2=" ">
    <subfield code="0">0</subfield>
    <subfield code="1">0</subfield>
    <subfield code="4">0</subfield>
    <subfield code="7">0</subfield>
    <subfield code="a">BCEJYS</subfield>
    <subfield code="b">BCEJYS</subfield>
    <subfield code="c">17</subfield>
    <subfield code="d">1997-09-01</subfield>
    <subfield code="h">A&#xF1;o 1, N&#xBA; 1 - sep. 1997</subfield>
    <subfield code="l">0</subfield>
    <subfield code="o">H070 MER 1</subfield>
    <subfield code="p">R20241</subfield>
    <subfield code="r">2026-04-10 16:09:57</subfield>
    <subfield code="w">2026-04-10</subfield>
    <subfield code="y">RN</subfield>
  </datafield>
  <datafield tag="952" ind1=" " ind2=" ">
    <subfield code="0">0</subfield>
    <subfield code="1">0</subfield>
    <subfield code="4">0</subfield>
    <subfield code="7">0</subfield>
    <subfield code="a">BCEJYS</subfield>
    <subfield code="b">BCEJYS</subfield>
    <subfield code="c">17</subfield>
    <subfield code="d">1997-08-15</subfield>
    <subfield code="h">A&#xF1;o 1, N&#xBA; 19 - ago. 1997</subfield>
    <subfield code="l">0</subfield>
    <subfield code="o">H070 MER 19</subfield>
    <subfield code="p">R20257</subfield>
    <subfield code="r">2026-04-10 16:09:57</subfield>
    <subfield code="w">2026-04-10</subfield>
    <subfield code="y">RN</subfield>
  </datafield>
  <datafield tag="952" ind1=" " ind2=" ">
    <subfield code="0">0</subfield>
    <subfield code="1">0</subfield>
    <subfield code="4">0</subfield>
    <subfield code="7">0</subfield>
    <subfield code="a">BCEJYS</subfield>
    <subfield code="b">BCEJYS</subfield>
    <subfield code="c">17</subfield>
    <subfield code="d">1997-08-01</subfield>
    <subfield code="h">A&#xF1;o 1, N&#xBA; 18 - ago. 1997</subfield>
    <subfield code="l">0</subfield>
    <subfield code="o">H070 MER 18</subfield>
    <subfield code="p">R20256</subfield>
    <subfield code="r">2026-04-10 16:09:57</subfield>
    <subfield code="w">2026-04-10</subfield>
    <subfield code="y">RN</subfield>
  </datafield>
  <datafield tag="952" ind1=" " ind2=" ">
    <subfield code="0">0</subfield>
    <subfield code="1">0</subfield>
    <subfield code="4">0</subfield>
    <subfield code="7">0</subfield>
    <subfield code="a">BCEJYS</subfield>
    <subfield code="b">BCEJYS</subfield>
    <subfield code="c">17</subfield>
    <subfield code="d">1997-07-15</subfield>
    <subfield code="h">A&#xF1;o 1, N&#xBA; 17 - jul. 1997</subfield>
    <subfield code="l">0</subfield>
    <subfield code="o">H070 MER 17</subfield>
    <subfield code="p">R20255</subfield>
    <subfield code="r">2026-04-10 16:09:57</subfield>
    <subfield code="w">2026-04-10</subfield>
    <subfield code="y">RN</subfield>
  </datafield>
  <datafield tag="952" ind1=" " ind2=" ">
    <subfield code="0">0</subfield>
    <subfield code="1">0</subfield>
    <subfield code="4">0</subfield>
    <subfield code="7">0</subfield>
    <subfield code="a">BCEJYS</subfield>
    <subfield code="b">BCEJYS</subfield>
    <subfield code="c">17</subfield>
    <subfield code="d">1997-07-01</subfield>
    <subfield code="h">A&#xF1;o 1, N&#xBA; 16 - jul. 1997</subfield>
    <subfield code="l">0</subfield>
    <subfield code="o">H070 MER 16</subfield>
    <subfield code="p">R20254</subfield>
    <subfield code="r">2026-04-10 16:09:57</subfield>
    <subfield code="w">2026-04-10</subfield>
    <subfield code="y">RN</subfield>
  </datafield>
  <datafield tag="952" ind1=" " ind2=" ">
    <subfield code="0">0</subfield>
    <subfield code="1">0</subfield>
    <subfield code="4">0</subfield>
    <subfield code="7">0</subfield>
    <subfield code="a">BCEJYS</subfield>
    <subfield code="b">BCEJYS</subfield>
    <subfield code="c">17</subfield>
    <subfield code="d">1997-06-15</subfield>
    <subfield code="h">A&#xF1;o 1, N&#xBA; 15 - jun. 1997</subfield>
    <subfield code="l">0</subfield>
    <subfield code="o">H070 MER 15</subfield>
    <subfield code="p">R20253</subfield>
    <subfield code="r">2026-04-10 16:09:57</subfield>
    <subfield code="w">2026-04-10</subfield>
    <subfield code="y">RN</subfield>
  </datafield>
  <datafield tag="952" ind1=" " ind2=" ">
    <subfield code="0">0</subfield>
    <subfield code="1">0</subfield>
    <subfield code="4">0</subfield>
    <subfield code="7">0</subfield>
    <subfield code="a">BCEJYS</subfield>
    <subfield code="b">BCEJYS</subfield>
    <subfield code="c">17</subfield>
    <subfield code="d">1997-06-01</subfield>
    <subfield code="h">A&#xF1;o 1, N&#xBA; 14 - jun. 1997</subfield>
    <subfield code="l">0</subfield>
    <subfield code="o">H070 MER 14</subfield>
    <subfield code="p">R20252</subfield>
    <subfield code="r">2026-04-10 16:09:57</subfield>
    <subfield code="w">2026-04-10</subfield>
    <subfield code="y">RN</subfield>
  </datafield>
  <datafield tag="952" ind1=" " ind2=" ">
    <subfield code="0">0</subfield>
    <subfield code="1">0</subfield>
    <subfield code="4">0</subfield>
    <subfield code="7">0</subfield>
    <subfield code="a">BCEJYS</subfield>
    <subfield code="b">BCEJYS</subfield>
    <subfield code="c">17</subfield>
    <subfield code="d">1997-05-15</subfield>
    <subfield code="h">A&#xF1;o 1, N&#xBA; 13 - mayo 1997</subfield>
    <subfield code="l">0</subfield>
    <subfield code="o">H070 MER 13</subfield>
    <subfield code="p">R20251</subfield>
    <subfield code="r">2026-04-10 16:09:57</subfield>
    <subfield code="w">2026-04-10</subfield>
    <subfield code="y">RN</subfield>
  </datafield>
  <datafield tag="952" ind1=" " ind2=" ">
    <subfield code="0">0</subfield>
    <subfield code="1">0</subfield>
    <subfield code="4">0</subfield>
    <subfield code="7">0</subfield>
    <subfield code="a">BCEJYS</subfield>
    <subfield code="b">BCEJYS</subfield>
    <subfield code="c">17</subfield>
    <subfield code="d">1997-05-01</subfield>
    <subfield code="h">A&#xF1;o 1, N&#xBA; 11 - mayo 1997</subfield>
    <subfield code="l">0</subfield>
    <subfield code="o">H070 MER 11</subfield>
    <subfield code="p">R20250</subfield>
    <subfield code="r">2026-04-10 16:09:57</subfield>
    <subfield code="w">2026-04-10</subfield>
    <subfield code="y">RN</subfield>
  </datafield>
</record>
